[Event "Gibraltar Masters 7th"]
[Site "Gibraltar"]
[Date "2009.02.05"]
[Round "10"]
[White "Bravetti, Antonio"]
[Black "Miedema, David"]
[Result "1-0"]
[WhiteElo "2205"]
[BlackElo "2325"]
[PlyCount "127"]
[EventDate "2009.01.27"]
[EventType "swiss"]
[EventRounds "10"]
[EventCountry "ENG"]
[SourceTitle "CBM 128 Extra"]
[Source "ChessBase"]
[SourceDate "2009.03.05"]
[SourceVersion "2"]
[SourceVersionDate "2009.03.25"]
[SourceQuality "1"]

1. d4 e6 2. c4 Nf6 3. g3 d5 4. Bg2 dxc4 5. Nf3 Nc6 6. Qa4 Bb4+ 7. Bd2 Nd5 8. Bxb4 Ndxb4 9. Ne5 0-0 10. Nxc6 Nxc6 11. Bxc6 Qxd4 12. Nc3 bxc6 13. 0-0 Qc5 14. Rac1 Rb8 15. Ne4 Qh5 16. Rc2 Rb6 17. Rd1 Ba6 18. Rcd2 h6 19. Qa3 Re8 20. Rd8 f5 21. Qe7 Rb8 22. Nc5 Kh7 23. Rxe8 Rxe8 24. Qxc7 Qxe2 25. Rd7 Rg8 26. Nxa6 c3 27. bxc3 Qxa6 28. Qxa7 Qc4 29. a4 Qxc3 30. a5 Qe1+ 31. Kg2 Qe4+ 32. Kg1 f4 33. gxf4 Qxf4 34. a6 Qg5+ 35. Kf1 Rf8 36. Qd4 Qb5+ 37. Kg2 Qg5+ 38. Kf1 Rf5 39. Qd3 Qc1+ 40. Kg2 Qb2 41. Qd4 Rg5+ 42. Kf3 Qa3+ 43. Qd3+ Rf5+ 44. Kg3 Qa2 45. f3 Qa1 46. Kg2 Qb2+ 47. Kg3 Qc1 48. Kg2 Qg5+ 49. Kf2 Qh5 50. Kg2 Qg6+ 51. Kf2 Ra5 52. Rxg7+ Kxg7 53. Qc3+ e5 54. Qxa5 Qc2+ 55. Ke3 Qb3+ 56. Ke4 Qc2+ 57. Ke3 Qb3+ 58. Ke4 Qc2+ 59. Kxe5 Qxh2+ 60. f4 Qh5+ 61. f5 Qe8+ 62. Kd6 Kf6 63. Kc7 Qe7+ 64. Kc8 1-0

[Event "Gibraltar Masters 7th"]
[Site "Gibraltar"]
[Date "2009.02.04"]
[Round "9"]
[White "Dasaolu, Adeoye"]
[Black "Bravetti, Antonio"]
[Result "0-1"]
[WhiteElo "2024"]
[BlackElo "2205"]
[PlyCount "84"]
[EventDate "2009.01.27"]
[EventType "swiss"]
[EventRounds "10"]
[EventCountry "ENG"]
[SourceTitle "CBM 128 Extra"]
[Source "ChessBase"]
[SourceDate "2009.03.05"]
[SourceVersion "2"]
[SourceVersionDate "2009.03.25"]
[SourceQuality "1"]

1. Nf3 c5 2. d4 cxd4 3. Nxd4 d5 4. c4 e5 5. Nf3 d4 6. g3 Nc6 7. Bg2 Bb4+ 8. Nfd2 Be6 9. Qa4 Qd7 10. a3 Be7 11. Ne4 h6 12. 0-0 f5 13. Ned2 Nf6 14. Rd1 0-0 15. Nf1 Rfd8 16. Nc3 Qc7 17. Nd5 Nxd5 18. cxd5 Bxd5 19. Bxd5+ Rxd5 20. Qc4 Qd7 21. Ne3 Rd8 22. Qxd5+ Qxd5 23. Nxd5 Rxd5 24. Bd2 a5 25. Rac1 Rb5 26. Rc2 Kf7 27. Bc1 e4 28. Kg2 Bf6 29. h3 g5 30. Rc4 Ke6 31. Rc2 Kd5 32. f3 Rb3 33. g4 f4 34. Bd2 exf3+ 35. exf3 Ne5 36. Bxa5 Rxf3 37. Be1 Rb3 38. Kf2 Nc4 39. Rdc1 b5 40. a4 d3 41. a5 dxc2 42. a6 Rxb2 0-1

[Event "Gibraltar Masters 7th"]
[Site "Gibraltar"]
[Date "2009.02.02"]
[Round "7"]
[White "Pali, Gabor"]
[Black "Bravetti, Antonio"]
[Result "0-1"]
[WhiteElo "2049"]
[BlackElo "2205"]
[PlyCount "74"]
[EventDate "2009.01.27"]
[EventType "swiss"]
[EventRounds "10"]
[EventCountry "ENG"]
[SourceTitle "CBM 128 Extra"]
[Source "ChessBase"]
[SourceDate "2009.03.05"]
[SourceVersion "2"]
[SourceVersionDate "2009.03.25"]
[SourceQuality "1"]

1. Nf3 c5 2. c4 Nc6 3. Nc3 g6 4. e3 Bg7 5. b3 e5 6. e4 d6 7. h3 Nge7 8. g4 0-0 9. d3 a6 10. Bd2 Rb8 11. g5 b5 12. h4 Bg4 13. Be2 Qd7 14. Nd5 Nxd5 15. cxd5 Bxf3 16. Bxf3 Nd4 17. Bg4 Qc7 18. Rc1 b4 19. Be3 Rbe8 20. h5 a5 21. Bxd4 exd4 22. hxg6 fxg6 23. Be6+ Kh8 24. Qg4 Be5 25. Ke2 Rf4 26. Qg2 Ref8 27. Rcf1 a4 28. f3 Qa7 29. bxa4 c4 30. Rh3 cxd3+ 31. Kd2 Rb8 32. Rfh1 Rb7 33. Rh6 Rf8 34. Kxd3 Rc7 35. Qh3 Qa6+ 36. Kd2 Bf4+ 37. Ke1 Rc1+ 0-1

[Event "Gibraltar Masters 7th"]
[Site "Gibraltar"]
[Date "2009.01.31"]
[Round "5"]
[White "Suez Panama, Gilles"]
[Black "Bravetti, Antonio"]
[Result "1-0"]
[WhiteElo "2033"]
[BlackElo "2205"]
[PlyCount "81"]
[EventDate "2009.01.27"]
[EventType "swiss"]
[EventRounds "10"]
[EventCountry "ENG"]
[SourceTitle "CBM 128 Extra"]
[Source "ChessBase"]
[SourceDate "2009.03.05"]
[SourceVersion "2"]
[SourceVersionDate "2009.03.25"]
[SourceQuality "1"]

1. d4 d6 2. Nf3 g6 3. c4 Bg7 4. Nc3 e5 5. d5 f5 6. e4 Nf6 7. Bd3 0-0 8. 0-0 Na6 9. Bg5 Qe8 10. Bxf6 Bxf6 11. Re1 Bd7 12. a3 c5 13. Rb1 f4 14. Nd2 g5 15. Be2 Bd8 16. Nb5 Rf6 17. Bh5 Rg6 18. Nxd6 Rxd6 19. Bxe8 Bxe8 20. b4 Rc8 21. h4 Rc7 22. hxg5 Bxg5 23. Nf3 Bf6 24. Qd3 Rg7 25. Kf1 b6 26. Ke2 Bg6 27. Rh1 cxb4 28. axb4 Nc7 29. Nh4 Bxh4 30. Rxh4 Ne6 31. Kf1 a5 32. c5 bxc5 33. bxa5 Rd8 34. Qc4 Nd4 35. f3 Bxe4 36. fxe4 f3 37. Rh2 Rf8 38. d6+ Kh8 39. gxf3 Nxf3 40. Kf2 Nd2+ 41. Ke1 1-0

[Event "Budapest FS12 IM"]
[Site "Budapest"]
[Date "2008.12.17"]
[Round "12"]
[White "Bravetti, Antonio"]
[Black "Adams, Nick A"]
[Result "1-0"]
[WhiteElo "2205"]
[BlackElo "2205"]
[PlyCount "149"]
[EventDate "2008.12.06"]
[EventType "tourn"]
[EventRounds "13"]
[EventCountry "HUN"]
[EventCategory "1"]
[SourceTitle "CBM 127 Extra"]
[Source "ChessBase"]
[SourceDate "2009.01.08"]
[SourceVersion "2"]
[SourceVersionDate "2009.01.28"]
[SourceQuality "1"]

1. Nf3 d5 2. g3 c5 3. Bg2 Nc6 4. 0-0 Nf6 5. c4 e6 6. d3 Be7 7. Nc3 0-0 8. Bf4 d4 9. Na4 Nd7 10. a3 e5 11. Bd2 Qc7 12. Qb1 Rb8 13. Rc1 b6 14. b4 Bb7 15. e3 Nd8 16. exd4 exd4 17. Re1 Ne6 18. Qd1 Rfe8 19. Rb1 Bc6 20. h4 Bd6 21. Nb2 Nf6 22. Ng5 Nf8 23. Bxc6 Rxe1+ 24. Bxe1 Qxc6 25. Qf3 Qd7 26. Bd2 h6 27. Ne4 Nxe4 28. Qxe4 Re8 29. Qf3 Ng6 30. Kg2 Bf8 31. Re1 Rxe1 32. Bxe1 Qe6 33. Qe4 Qd7 34. Bd2 f5 35. Qa8 Kf7 36. b5 Bd6 37. f4 Ne7 38. a4 Qc7 39. Qf3 Qd7 40. Qh5+ Kf8 41. Qf3 Kg8 42. a5 Qc7 43. a6 Kh7 44. Na4 Kg6 45. h5+ Kf7 46. Qa8 Qb8 47. Qf3 Kf6 48. Nb2 Kf7 49. Nd1 Kg8 50. Nf2 Kf8 51. Kg1 Qc8 52. Kg2 Qb8 53. Nh3 Qc8 54. Kf2 Kf7 55. Ng1 Qb8 56. Kg2 Qc8 57. Kh2 Qb8 58. Nh3 Qc8 59. Nf2 Qb8 60. Kg2 Qc8 61. Kf1 Bb8 62. Ke1 Qe6+ 63. Kd1 Kg8 64. Qb7 Qd6 65. Kc2 Qc7 66. Qf3 Kh7 67. Nh3 Qd7 68. Ng1 Ng8 69. Qa8 Bd6 70. Nf3 Nf6 71. Ne5 Bxe5 72. fxe5 Nxh5 73. Qb7 Qe6 74. Qxa7 Qxe5 75. Qf7 1-0

[Event "Budapest FS12 IM"]
[Site "Budapest"]
[Date "2008.12.09"]
[Round "4"]
[White "Bravetti, Antonio"]
[Black "Stigar, Petter"]
[Result "1/2-1/2"]
[WhiteElo "2205"]
[BlackElo "2299"]
[PlyCount "25"]
[EventDate "2008.12.06"]
[EventType "tourn"]
[EventRounds "13"]
[EventCountry "HUN"]
[EventCategory "1"]
[SourceTitle "CBM 127 Extra"]
[Source "ChessBase"]
[SourceDate "2009.01.08"]
[SourceVersion "2"]
[SourceVersionDate "2009.01.28"]
[SourceQuality "1"]

1. d4 Nf6 2. Nf3 e6 3. c4 d5 4. e3 Be7 5. Nc3 0-0 6. Qc2 Na6 7. a3 c5 8. cxd5 cxd4 9. Nxd4 Nxd5 10. Bd2 Nxc3 11. Bxc3 Bd7 12. Bxa6 bxa6 13. 0-0 1/2-1/2